000 00245nam a22000977a 4500
040 _cSK
082 _a634
100 _aVON MONIN; វន មនិន្ទ
245 _aForest management; ការរៀបចំព្រៃឈើ
942 _cAEDBB
999 _c8838
_d8838